Historia y ciencias sociales: la ciudad contemporánea. Programa de estudio, tercer o cuarto año medio

Gardado en:
Detalles Bibliográficos
Autor Corporativo: Ministerio de Educación (Author)
Formato: Libro
Idioma:Lingua castelá
Publicado: Santiago, Chile Ministerio de Educación 2002
Series:Educación Media, Formación Diferenciada Humanístico-Científica
Subjects:
Tags: Engadir etiqueta
Sen Etiquetas, Sexa o primeiro en etiquetar este rexistro!

MARC

LEADER 00000nam a2200000 a 4500
001 UCM8149
003 CL-VaPUC
005 20210911074633.0
008 030124e20020000CL |||||||||||||||||spa|d
999 |c 302728  |d 302726 
040 |c Pontificia Universidad Católica de Valparaíso 
082 0 4 |a 900.712 MIN 2002  |2 21 
110 2 |a Ministerio de Educación  |e author  |9 474077 
245 1 0 |a Historia y ciencias sociales:  |b  la ciudad contemporánea. Programa de estudio, tercer o cuarto año medio 
260 |a Santiago, Chile  |b Ministerio de Educación  |c 2002 
300 |a 199 páginas 
490 0 |a Educación Media, Formación Diferenciada Humanístico-Científica 
583 |a last modification  |c 20140401 07:33:10  |k Rodrigo Vera 
650 0 |a Enseñanza de la historia   |x EDUCACION MEDIA  |9 307330 
650 0 |a Enseñanza de las ciencias sociales  |x EDUCACION MEDIA  |9 337823 
650 0 |a Programas de educación  |x EDUCACION MEDIA  |9 339040 
942 |c BK  |2 ddc 
945 |d 20030124 00:00:00  |a cmena 
952 |0 0  |1 0  |2 ddc  |4 0  |6 900_712000000000000_MIN_2002  |7 0  |8 A  |9 363445  |a BIBHIS  |b BIBHIS  |d 2019-11-21  |i 3878864  |o 900.712 MIN 2002  |p 3878864  |r 2025-01-20  |t 1  |w 2019-11-21  |y BK  |k HIS 
952 |0 0  |1 0  |2 ddc  |4 0  |6 900_712000000000000_MIN_2002  |7 0  |8 A  |9 363446  |a BIBHIS  |b BIBHIS  |d 2019-11-21  |i 3878872  |o 900.712 MIN 2002  |p 3878872  |r 2025-01-20  |t 2  |w 2019-11-21  |y BK  |k HIS 
952 |0 0  |1 0  |2 ddc  |4 0  |6 900_712000000000000_MIN_2002  |7 0  |8 A  |9 363447  |a BIBHIS  |b BIBHIS  |d 2019-11-21  |i 3962245  |o 900.712 MIN 2002  |p 3962245  |r 2025-01-20  |t 3  |w 2019-11-21  |y BK  |k HIS 
952 |0 0  |1 0  |2 ddc  |4 0  |6 900_712000000000000_MIN_2002  |7 0  |8 A  |9 363448  |a BIBHIS  |b BIBHIS  |d 2019-11-21  |i 3962253  |o 900.712 MIN 2002  |p 3962253  |r 2025-01-20  |t 4  |w 2019-11-21  |y BK  |k HIS